Statistics for Famous Firsts #3 - The United States

Click here to take the quiz!

General Stats

  • This quiz has been taken 6,144 times
  • The average score is 13 of 22

Answer Stats

First... Answer % Correct
National parkYellowstone
87%
U.S. StateDelaware
86%
Woman to fly solo across
the Atlantic
Amelia Earhart
86%
College in the U.S.Harvard
86%
Catholic U.S. PresidentJohn F. Kennedy
84%
City to have a StarbucksSeattle
82%
African-American woman with a
net worth over $1 billion
Oprah Winfrey
77%
Person to assassinate a
U.S. President
John Wilkes Booth
68%
Signer of the U.S.
Declaration of Independence
John Hancock
64%
Black Major League player
(modern era)
Jackie Robinson
61%
"American Idol" winnerKelly Clarkson
60%
Permanent English colony in
North America
Jamestown
56%
Person with a net worth
over $1 billion
John D. Rockefeller
55%
College football bowl gameRose Bowl
55%
Team to win the Super BowlGreen Bay Packers
52%
American to orbit EarthJohn Glenn
52%
Person with a net worth
over $100 billion
Jeff Bezos
42%
Female Supreme Court justiceSandra Day O'Connor
40%
Black Supreme Court justiceThurgood Marshall
40%
U.S. city to host the OlympicsSt. Louis
39%
American woman in spaceSally Ride
35%
U.S. Civil War battleBattle of Fort Sumter
30%

Score Distribution

Percentile by Number Answered

Percent of People with Each Score

Your Score History

You have not taken this quiz